000 00279nam a2200121Ia 4500
008 190216s9999||||xx |||||||||||||| ||und||
100 _aShivakumar Goyal
245 0 _aHindi-Veer Shavarkar
260 _bPraveen Prakashan
_c2009
300 _a191
650 _aHindi
942 _cBK
999 _c16623
_d16623